000 00322nam a2200145Ia 4500
008 150301s2015 xx 000 0 und d
082 _a615.2
_bD15D
100 _aVIKAS DHIKAV
245 _aDRUGS OF CHOICE 2014
250 _a7TH
260 _bAITBS DELHI
300 _a350
650 _aPHARMACEUTICS
942 _2ddc
_cBK
999 _c7196
_d7196